000 00728nam a2200157 i 4500
001 158011
003 ES-MaACL
005 20230906210940.0
008 981127s1881 sp |||| | spa d
100 1 _aLópez de Letona, Antonio.
_9129237
245 1 0 _aConferencias militares dirigidas a los jefes de cuerpo del arma de caballería y dedicadas a S.M. el Rey /
_cpor el teniente general D. Antonio López de Letona.
260 _aMadrid :
_b[s.n],
_c1881 (
_fEstabl. tipogr. de M. Minuesa)
300 _a143 p. ;
_c25 cm.
650 0 4 _aCaballería-
_zEspaña-
_yS.XIX.
_910653
852 _aES-MaACL
_jT-436-F-4
_z- Enc. hol.
_z. - Ded. ms. del autor al Marqués de Valdeiglesias
_q- Falto de cub. original
_z- Enc. en vol. facticio
999 _c158011
_d158011